00822nam a2200205 a 450000100100000000500170001000800410002702000150006804000250008308200170010811100620012524501490018726000430033630000210037950400320040065000450043270000380047771000570051571000440057200000431320240307073944.0090721s2000 dr 000 0 spa d a9993429074 aDO-SdBNPbspacBNPHU a303.6bF727f2 aForo Nacional sobre la Violenciad(1999 :cSanto Domingo)10aForo Nacional sobre la Violencia :bhacia el diseño de un sistema de protección ciudadana /ceditores Franklin García Fermín... [et.al]. aSanto Domingo :bUASDbCollado,c2000. a133 p. ;c21 cm. aBibliografía : p. 131-133 4aViolenciaxCongresos, conferencias, etc.12aGarcía Fermín, Franklin,eed.1 aEstados Unidos.bAgencia Internacional de Desarrollo1 aUniversidad Autónoma de Santo Domingo